Proužku, otřes se! úvod do WWW reklamy

Poskytovatelia obsahu (content providers) na Internete a ich získavanie finančných prostriedkov na stavbu www stránok - predplatné na web alebo reklama. Hlavné dôvody prečo je potrebné zisťovať návštevnosť jednotlivých www stránok. Snaha českej Asociácie poskytovateľov obsahu (APO) o štandardizáciu...

ver descrição completa

Na minha lista:
Detalhes bibliográficos
Autor principal: Dvořáček, Martin
Formato: Capítulo de Livro
Idioma:tcheco
Assuntos:
Tags: Adicionar Tag
Sem tags, seja o primeiro a adicionar uma tag!

MARC

LEADER 00000naa a2200000 4500
001 r032292
005 20240205131509.1
041 0 |a cze 
044 |a CZ 
245 1 0 |a Proužku, otřes se!  |b úvod do WWW reklamy  |c Martin Dvořáček 
520 |a Poskytovatelia obsahu (content providers) na Internete a ich získavanie finančných prostriedkov na stavbu www stránok - predplatné na web alebo reklama. Hlavné dôvody prečo je potrebné zisťovať návštevnosť jednotlivých www stránok. Snaha českej Asociácie poskytovateľov obsahu (APO) o štandardizáciu pojmov v oblasti internetovej reklamy. Krátka terminológia webovej reklamy podľa APO. Reklamné prúžky a filtrovanie reklamy. 
610 2 0 |a reklama 
610 2 0 |a metódy propagačné 
610 2 0 |a prostriedky reklamné 
610 2 0 |a propagácia 
610 2 0 |a terminológia 
610 2 0 |a APO 
100 1 |a Dvořáček, Martin